000
00232 a2200109 4500
003
Nust
005
20170207154231.0
040
_c
Nust
082
_a
371.33
245
_a
Welcome To MCS (VHS-454)
440
_a
Welcome To MCS (VHS-454)
538
_a
Duration Mins 54
999
_c
195874
_d
195874